000 00778nam a2200253Ia 4500
003 OSt
005 20220926023727.0
006 a|||||r|||| 00| 0
007 ta
008 220923b |||||||| |||| 00| 0 eng d
037 _cGeneral Book
040 _aRTL
_cRTL
_beng
041 _2eng
_aeng
082 _aB288, L2
100 _aFedorov V V
_9329508
245 0 _aTheory of optimal experiments.
260 _aNY
_bAcademic Press
_c1972
300 _axi,292p..
_ccm.
490 _aProbability and Mathematical Statistics: A Series of Monographs and Text Books. Ed by Z W Bimbaum and E Lukacs
500 _aBibliography P 285-88
650 _aProgramme Statistics
_9237352
942 _hB288, L2
_cGB
_2CC
999 _c642179
_d642179